00551cam a22002297a 4500003000500000005001700005008004100022010001000063011001000073035001000083040000900093082001500102110000800117245006200125260002300187300001100210490002200221650002600243700001800269700001200287830002200299CHAP20220817043137.0971013s1984 r 00010 d a66747 a67719 a77191 cCHAP a634.9bF332 aFAO10aTechnical forestry educationb: design and implementation aRome :bFAO,c1984 a121 p. 0aFAO. Montesv; 4714aEnseñanza forestal.0 aHilimi, H. A.0 aSim, D. 0aFAO. Montesv; 47